| 000 | 00672nam a22001937a 4500 | ||
|---|---|---|---|
| 999 |
_c17726 _d17726 |
||
| 003 | AR-CdUCM | ||
| 008 | 190509b ||||| |||| 00| 0 spa d | ||
| 040 |
_aMUNICIPALIDAD PROVINCIAL DEL CUSCO _cBIBLIOTECA MUNICIPAL DEL CUSCO |
||
| 082 |
_a805.08 / _bT62 |
||
| 245 | _aLos titanes de la oratoria / | ||
| 260 |
_aMexico : _bDivulgación, _c1956. |
||
| 300 |
_a151 paginas ; _c20 cm. |
||
| 505 | _aContenido: General Don Jose de San Martin -- Simon Bolivar -- Emilio Castelar -- José Marti -- Demostenes -- Ciceron... | ||
| 650 |
_aHistorias _92725 |
||
| 650 |
_aGrandes hombres _935904 |
||
| 650 |
_aLiteratura _983 |
||
| 942 |
_2ddc _cLIBROS |
||
| 945 |
_apjha _d2019-05-09 |
||